Cargando...
Mappillai Vanthar /
| Autor Principal: | |
|---|---|
| Idioma: | Undetermined |
| Publicado: |
Arivu nilayam ,
1977.
|
| LEADER | 00415nam a2200133Ia 4500 | ||
|---|---|---|---|
| 001 | 56886 | ||
| 008 | 170722s9999 xx 000 0 und d | ||
| 100 | |a Tumilan, Pseud | ||
| 245 | |a Mappillai Vanthar / | ||
| 260 | |b Arivu nilayam , |c 1977. | ||
| 300 | |a 256 p. |c 18cms | ||
| 942 | |c GEN | ||
| 999 | |c 94221 |d 94221 | ||
| 952 | |0 1 |1 0 |4 0 |6 O_313NTU1MA_L7 |7 0 |9 132162 |a LIB |b LIB |d 2017-08-12 |o O31,3NTU1,MA L7 |p 172063 |r 2017-08-12 |v 8.00 |w 2017-08-12 |y GEN | ||